1994 FIFA World Cup Final Brazil - Italy - Statistics

General Stats
  • This quiz has been taken 396 times
  • The average score is 14 of 28
Answer Stats
Player % Correct
Roberto Baggio
94%
Dino Baggio
92%
Romário
92%
Paolo Maldini
85%
Cafu
83%
Franco Baresi
80%
Cláudio Taffarel
79%
Bebeto
78%
Dunga
73%
Gianluca Pagliuca
53%
Aldair
52%
Carlos Alberto Parreira
48%
Demetrio Albertini
45%
Mauro Silva
43%
Roberto Donadoni
43%
Daniele Massaro
42%
Arrigo Sacchi
40%
Branco
39%
Marcio Santos
35%
Mazinho
34%
Zinho
34%
Jorginho
32%
Alberigo Evani
25%
Antonio Benarrivo
22%
Nicola Berti
21%
Viola
20%
Luigi Apolloni
18%
Roberto Mussi
18%
No matching quizzes found
Score Distribution
Percent of People with Each Score
Percentile by Number Answered
Your Score History
You have not taken this quiz